00505nam a2200169Ia 450000500170000000800410001702000150005808200130007310000180008624500130010426000390011730000130015650000500016994200060021995200950022599900150032020250616015601.0240331s9999 xx 000 0 und d a9558580023 bSENa306 aSenanayake, C 0aPaduriyo aTharana UdawelabBodhi Sabhac2003 a165 p ., aCollection of Senanayake Narada Karunathilaka cL 001040708LaWERCLbWERCLcSSCd2024-03-31l0o 306 SENp4925r2024-03-31w2024-03-31yL c2120d2120